Strategic Management, (Record no. 5900)

MARC details
005 - DATE AND TIME OF LATEST TRANSACTION
control field 20250628083221.0
020 ## - INTERNATIONAL STANDARD BOOK NUMBER
International Standard Book Number 13: 978-1-25-900164-2
082 ## - DEWEY DECIMAL CLASSIFICATION NUMBER
Classification number 658.4012 PEA.
100 ## - MAIN ENTRY--PERSONAL NAME
Author name PEARCE II, J. A.
245 ## - TITLE STATEMENT
Title Strategic Management,
250 ## - EDITION STATEMENT
Edition statement 12th Ed.
260 ## - PUBLICATION, DISTRIBUTION, ETC.
Place of publication, distribution, etc. New York,
Name of publisher, distributor, etc. Mc Graw Hill Irwin Education,
Date of publication, distribution, etc. 200.
942 ## - ADDED ENTRY ELEMENTS (KOHA)
Source of classification or shelving scheme Dewey Decimal Classification
Koha item type Books
Holdings
Date last seen Total checkouts Full call number Barcode Cost, replacement price Price effective from Koha item type Lost status Source of classification or shelving scheme Damaged status Not for loan Withdrawn status Home library Current library Shelving location Date acquired Cost, normal purchase price
06/28/2025   658.4012PEA DOM0001703 255000.00 06/28/2025 Books   Dewey Decimal Classification       CBE Dodoma CBE Dodoma General Collection 06/28/2016 85000.00